000 01349nam a2200337Ia 4500
001 ebr10130633
003 CaPaEBR
006 m u
007 cr cn|||||||||
008 050616s2005 ne a s 000 0 eng d
010 _z 2005929309
020 _z1586035320
040 _aCaPaEBR
_cCaPaEBR
035 _a(OCoLC)71301090
050 1 4 _aQ340
_b.C78 2005eb
082 0 4 _a006.3
_222
100 1 _aCruz, Jorge.
245 1 0 _aConstraint reasoning for differential models
_h[electronic resource] /
_cJorge Cruz.
260 _aAmsterdam ;
_aWashington, D.C. :
_bIOS Press,
_cc2005.
300 _axxv, 216 p. :
_bill.
490 1 _aFrontiers in artificial intelligence and applications ;
_vv. 126
533 _aElectronic reproduction.
_bPalo Alto, Calif. :
_cebrary,
_d2009.
_nAvailable via World Wide Web.
_nAccess may be limited to ebrary affiliated libraries.
650 0 _aConstraints (Artificial intelligence)
650 0 _aDifferential equations.
650 0 _aInterval analysis (Mathematics)
650 0 _aBiophysics
_xMathematical models.
655 7 _aElectronic books.
_2local
710 2 _aebrary, Inc.
830 0 _aFrontiers in artificial intelligence and applications ;
_vv. 126.
856 4 0 _uhttp://site.ebrary.com/lib/rucke/Doc?id=10130633
_zAn electronic book accessible through the World Wide Web; click to view
999 _c181198
_d181198